| 000 -LEADER |
| fixed length control field |
02687cam a22004334a 4500 |
| 001 - CONTROL NUMBER |
| control field |
16737290 |
| 005 - DATE AND TIME OF LATEST TRANSACTION |
| control field |
20170105102851.0 |
| 008 - FIXED-LENGTH DATA ELEMENTS--GENERAL INFORMATION |
| fixed length control field |
110414s2012 enk b 001 0 eng c |
| 010 ## - LIBRARY OF CONGRESS CONTROL NUMBER |
| LC control number |
2011016300 |
| 016 7# - NATIONAL BIBLIOGRAPHIC AGENCY CONTROL NUMBER |
| Record control number |
015798991 |
| Source |
Uk |
| 020 ## - INTERNATIONAL STANDARD BOOK NUMBER |
| International Standard Book Number |
9780415617611 (cloth : alk. paper) |
| 020 ## - INTERNATIONAL STANDARD BOOK NUMBER |
| International Standard Book Number |
0415617618 (cloth : alk. paper) |
| 020 ## - INTERNATIONAL STANDARD BOOK NUMBER |
| International Standard Book Number |
9780203637685 (ebook) |
| 020 ## - INTERNATIONAL STANDARD BOOK NUMBER |
| International Standard Book Number |
0203637682 (ebook) |
| 035 ## - SYSTEM CONTROL NUMBER |
| System control number |
(OCoLC)ocn711041436 |
| 040 ## - CATALOGING SOURCE |
| Original cataloging agency |
NIC/DLC |
| Transcribing agency |
DLC |
| Modifying agency |
BTCTA |
| -- |
YDXCP |
| -- |
BWX |
| -- |
CDX |
| -- |
DEBBG |
| -- |
UPM |
| -- |
UKMGB |
| -- |
DLC |
| 042 ## - AUTHENTICATION CODE |
| Authentication code |
pcc |
| 043 ## - GEOGRAPHIC AREA CODE |
| Geographic area code |
a-ii--- |
| -- |
a------ |
| -- |
p------ |
| 050 00 - LIBRARY OF CONGRESS CALL NUMBER |
| Classification number |
DS33.4.I4 |
| Item number |
B74 2012 |
| 082 00 - DEWEY DECIMAL CLASSIFICATION NUMBER |
| Classification number |
355.033054 |
| Edition number |
22 |
| 084 ## - OTHER CLASSIFICATION NUMBER |
| Classification number |
ML 8800 |
| Number source |
rvk |
| 100 1# - MAIN ENTRY--PERSONAL NAME |
| Personal name |
Brewster, David |
| Fuller form of name |
(David Halstead) |
| 245 10 - TITLE STATEMENT |
| Title |
India as an Asia Pacific power / |
| Statement of responsibility, etc. |
David Brewster. |
| 260 ## - PUBLICATION, DISTRIBUTION, ETC. |
| Place of publication, distribution, etc. |
Milton Park, Abingdon, Oxon ; |
| -- |
New York, NY : |
| Name of publisher, distributor, etc. |
Routledge, |
| Date of publication, distribution, etc. |
2012. |
| 300 ## - PHYSICAL DESCRIPTION |
| Extent |
xi, 219 p. ; |
| Dimensions |
24 cm. |
| 490 1# - SERIES STATEMENT |
| Series statement |
Routledge security in Asia Pacific series ; |
| Volume/sequential designation |
18 |
| 504 ## - BIBLIOGRAPHY, ETC. NOTE |
| Bibliography, etc. note |
Includes bibliographical references (p. [193]-213) and index. |
| 505 0# - FORMATTED CONTENTS NOTE |
| Formatted contents note |
India as a great power -- Developments in Indian strategic thinking about the Asia Pacific -- Sino-Indian strategic competition and the Asia Pacific -- The United States and India's strategic role in the Asia Pacific -- Northeast Asia : India's peer relationship with Japan -- Indochina : India's political partnership with Vietnam -- Archipelagic Southeast Asia : India's strategic relationships with Singapore, Malaysia and Indonesia -- India's uncertain partnership with Australia -- India's maritime security ambitions in Southeast Asia and the western Pacific -- Understanding India's engagement with the Asia Pacific -- India as an Asia Pacific power. |
| 520 ## - SUMMARY, ETC. |
| Summary, etc. |
"This book provides a comprehensive assessment of India's international relations in the Asia Pacific region. It charts the development of India's increasingly important role as a major world power, discusses India's international relations strategy and examines India's relationship with each of the major countries of East and Southeast Asia."--Publisher's description. |
| 651 #0 - SUBJECT ADDED ENTRY--GEOGRAPHIC NAME |
| Geographic name |
India |
| General subdivision |
Foreign relations |
| Geographic subdivision |
Asia. |
| 651 #0 - SUBJECT ADDED ENTRY--GEOGRAPHIC NAME |
| Geographic name |
Asia |
| General subdivision |
Foreign relations |
| Geographic subdivision |
India. |
| 651 #0 - SUBJECT ADDED ENTRY--GEOGRAPHIC NAME |
| Geographic name |
India |
| General subdivision |
Foreign relations |
| Geographic subdivision |
Pacific Area. |
| 651 #0 - SUBJECT ADDED ENTRY--GEOGRAPHIC NAME |
| Geographic name |
Pacific Area |
| General subdivision |
Foreign relations |
| Geographic subdivision |
India. |
| 830 #0 - SERIES ADDED ENTRY--UNIFORM TITLE |
| Uniform title |
Routledge security in Asia Pacific series ; |
| Volume/sequential designation |
18. |
| 856 ## - ELECTRONIC LOCATION AND ACCESS |
| Uniform Resource Identifier |
<a href="http://bvbr.bib-bvb.de:8991/F?func=service&doc_library=BVB01&doc_number=024643310&line_number=0001&func_code=DB_RECORDS&service_type=MEDIA">http://bvbr.bib-bvb.de:8991/F?func=service&doc_library=BVB01&doc_number=024643310&line_number=0001&func_code=DB_RECORDS&service_type=MEDIA</a> |
| Public note |
Inhaltsverzeichnis |
| 906 ## - LOCAL DATA ELEMENT F, LDF (RLIN) |
| a |
7 |
| b |
cbc |
| c |
orignew |
| d |
1 |
| e |
ecip |
| f |
20 |
| g |
y-gencatlg |
| 942 ## - ADDED ENTRY ELEMENTS (KOHA) |
| Source of classification or shelving scheme |
|
| Koha item type |
Book |